Návrh odporúčaní v oblasti zavádzania Industry 4.0 so zameraním na vplyv na zamestnancov v priemyselnom podniku

Enregistré dans:
Détails bibliographiques
Auteur principal: Vyskočová, Katarína (Auteur)
Autres auteurs: Gyurák Babeľová, Zdenka (Directeur de thèse)
Format: Manuscrit Livre
Langue:slovaque
Publié: 2021
Sujets:
Accès en ligne:http://is.stuba.sk/zp/portal_zp.pl?podrobnosti=154413
Tags: Ajouter un tag
Pas de tags, Soyez le premier à ajouter un tag!

MARC

LEADER 00000ntm a22000003a 4500
001 stuzp83539
003 SK-STU
005 20210703212046.0
007 ta
008 150427s2015----xo-----f-mn---000-0-slo-d
040 |a STU  |b slo 
041 0 |a slo 
100 1 |a Vyskočová, Katarína  |u 064000  |4 aut  |U MTF Materiálovotechnologická fakulta  |T MTF Ústav priemyselného inžinierstva a manažmentu  |X 97192  |U M4000  |Y 84  |7 97192 
242 0 1 |a Proposal of recommendations in the area of implementation of Industry 4.0 with a focus on the impact on employees in an industrial enterprise  |y eng 
245 1 0 |a Návrh odporúčaní v oblasti zavádzania Industry 4.0 so zameraním na vplyv na zamestnancov v priemyselnom podniku 
260 |c 2021 
650 4 |a Industry 4.0  |2 slo 
650 4 |a priemyselná revolúcia  |2 slo 
650 4 |a riadenie ľudských zdrojov  |2 slo 
650 4 |a zamestnanci  |2 slo 
650 4 |a Industry 4.0  |2 eng 
650 4 |a industrial revolution  |2 eng 
650 4 |a human resources management  |2 eng 
650 4 |a employees  |2 eng 
700 1 |a Gyurák Babeľová, Zdenka  |u 064000  |k Z1  |4 ths  |U MTF Materiálovotechnologická fakulta  |T MTF Ústav priemyselného inžinierstva a manažmentu  |X 4411  |U M4000  |Y 84  |7 A000004411 
856 4 |u http://is.stuba.sk/zp/portal_zp.pl?podrobnosti=154413 
996 |c M* BP-9248  |l MMSKP  |s P  |a 0  |w stuzp83539_0001